Statystyki dla Prefektury Japonii (Podświetlona Wersja)

Kliknij tutaj aby rozwiązać quiz!

Ogólne statystyki

  • Ten quiz został rozwiązany 73 razy
  • Średni wynik to 14 z 47

Odpowiedzi na mapie

Odpowiedzi skodowane kolorowo w zielono-czerwonej skali na mapie do tego quizu, zgodnie z poniższymi procentami.
 

Statystyki odpowiedzi

Odpowiedź% Poprawnych
Hokkaido
75%
Tokio
61%
Aomori
47%
Fukuoka
42%
Chiba
39%
Fukushima
39%
Kioto
39%
Nagasaki
39%
Saitama
39%
Akita
36%
Iwate
36%
Nagano
36%
Nara
36%
Okinawa
36%
Osaka
36%
Gunma
33%
Hiroszima
33%
Kanagawa
33%
Kumamoto
33%
Niigata
33%
Saga
33%
Tottori
33%
Gifu
31%
Aichi
28%
Fukui
28%
Shizuoka
28%
Toyama
28%
Ehime
25%
Hyogo
25%
Kagoshima
25%
Kochi
25%
Miyazaki
25%
Okayama
25%
Wakayama
25%
Ibaraki
22%
Mie
22%
Oita
22%
Yamanashi
22%
Ishikawa
19%
Kagawa
19%
Miyagi
19%
Tokushima
19%
Yamagata
19%
Shiga
17%
Tochigi
17%
Yamaguchi
17%
Shimane
14%

Rozkład punktacji

Percentyl według liczby udzielonych odpowiedzi

Procent ludzi z każdym wynikiem

Twoja historia wyników

Nie rozwiązałeś tego quizu